Aggressivität und Sexualität
| Main Author: | |
|---|---|
| Format: | Print Book |
| Language: | German |
| Published: |
München
Goldmann
1971
|
| In: |
Das wissenschaftliche Taschenbuch / Abteilung Rechts- und Staatswissenschaften (18)
Year: 1971 |
| Availability in Tübingen: | Present in Tübingen. IFK: E VII 23 |
| Check availability: | HBZ Gateway |
| Subito Delivery Service: | Order now. |
| Keywords: |
MARC
| LEADER | 00000cam a2200000 c 4500 | ||
|---|---|---|---|
| 001 | 216392632 | ||
| 003 | DE-627 | ||
| 005 | 20260206203745.0 | ||
| 007 | tu | ||
| 008 | 961014s1971 gw ||||| m 00| ||ger c | ||
| 016 | 7 | |a 457199342 |2 DE-101 | |
| 020 | |a 3442600189 |9 3-442-60018-9 | ||
| 035 | |a (DE-627)216392632 | ||
| 035 | |a (DE-603)132377497 | ||
| 035 | |a (DE-576)036313890 | ||
| 035 | |a (DE-599)GBV216392632 | ||
| 035 | |a (OCoLC)180430068 | ||
| 035 | |a (OCoLC)180430068 | ||
| 035 | |a (OCoLC)04752969 | ||
| 035 | |a (DE-604)8019386826 | ||
| 040 | |a DE-627 |b ger |c DE-627 |e rakwb | ||
| 041 | |a ger | ||
| 044 | |c XA-DE | ||
| 084 | |a 04a |2 sdnb | ||
| 084 | |a CP 3800 |2 rvk |0 (DE-625)rvk/18982: | ||
| 084 | |a PH 8820 |2 rvk |0 (DE-625)rvk/136521: | ||
| 084 | |a DG 5000 |2 rvk |0 (DE-625)rvk/19557: | ||
| 084 | |a MS 2880 |2 rvk |0 (DE-625)rvk/123649: | ||
| 084 | |a CR 6000 |2 rvk |0 (DE-625)rvk/19034: | ||
| 084 | |a PH 8800 |2 rvk |0 (DE-625)rvk/136520: | ||
| 084 | |a CP 3500 |2 rvk |0 (DE-625)rvk/18979: | ||
| 100 | 1 | |a Keupp, Lutz |4 aut | |
| 245 | 1 | 0 | |a Aggressivität und Sexualität |c Lutz Keupp |
| 246 | 3 | 3 | |a Beziehungen zwischen Aggressivität und Sexualität im Bereich delinquenten Verhaltens |
| 264 | 1 | |a München |b Goldmann |c 1971 | |
| 300 | |a 265 S. | ||
| 336 | |a Text |b txt |2 rdacontent | ||
| 337 | |a ohne Hilfsmittel zu benutzen |b n |2 rdamedia | ||
| 338 | |a Band |b nc |2 rdacarrier | ||
| 490 | 1 | |a Das wissenschaftliche Taschenbuch |a Abteilung Rechts- und Staatswissenschaften |v 18 | |
| 500 | |a Diss. ebenfalls in der Reihe erschienen | ||
| 502 | |a Zugl.: Mainz, Univ., Diss., 1971 u. d. T.: Keupp, Lutz: Beziehungen zwischen Aggressivität und Sexualität im Bereich delinquenten Verhaltens | ||
| 583 | 1 | |a Massenentsäuert |c 2010 |k DE-18 |2 pdager |5 DE-18-64 | |
| 650 | 0 | |a Aggressiveness | |
| 650 | 0 | |a Sex | |
| 650 | 0 | 7 | |0 (DE-588)4141621-1 |0 (DE-627)105618969 |0 (DE-576)209712791 |a Aggressivität |2 gnd |
| 650 | 0 | 7 | |0 (DE-588)4116485-4 |0 (DE-627)105806315 |0 (DE-576)209501987 |a Sexualverhalten |2 gnd |
| 650 | 4 | |a Sexualität | |
| 650 | 4 | |a Aggressivität | |
| 650 | 4 | |a Kriminalität | |
| 655 | 7 | |a Hochschulschrift |0 (DE-588)4113937-9 |0 (DE-627)105825778 |0 (DE-576)209480580 |2 gnd-content | |
| 689 | 0 | 0 | |d s |0 (DE-588)4141621-1 |0 (DE-627)105618969 |0 (DE-576)209712791 |a Aggressivität |2 gnd |
| 689 | 0 | 1 | |d s |0 (DE-588)4116485-4 |0 (DE-627)105806315 |0 (DE-576)209501987 |a Sexualverhalten |2 gnd |
| 689 | 0 | |5 (DE-627) | |
| 751 | |a Mainz |4 uvp | ||
| 830 | 4 | |a Das wissenschaftliche Taschenbuch / Abteilung Rechts- und Staatswissenschaften |v 18 |9 18 |w (DE-627)130212822 |w (DE-576)002699826 |w (DE-600)535412-2 |7 am | |
| 889 | |w (DE-576)004422287 | ||
| 889 | |w (DE-627)1074422287 | ||
| 935 | |i Blocktest | ||
| 935 | |i mdedup | ||
| 935 | |h HEB |i 0501 | ||
| 935 | |h HEB |i 0503 | ||
| 936 | r | v | |a CP 3800 |b Aggression, Frustration |k Psychologie |k Allgemeine Psychologie |k Konflikt, Angst, Aggression, Frustration, Stress |k Aggression, Frustration |0 (DE-627)1270707809 |0 (DE-625)rvk/18982: |0 (DE-576)200707809 |
| 936 | r | v | |a PH 8820 |b Gewalt / Sexualverhalten; Vergewaltigung, Sexueller Missbrauch, Sexuelle Nötigung; Kind / Sexueller Missbrauch; Pornographie; Prostitution; Zuhälterei; Abweichendes Sexualverhalten |k Rechtswissenschaft |k Strafrecht, Strafverfahrensrecht, Kriminologie |k Kriminologie |k Einzelne Deliktsgruppen |k Sexualkriminalität |k Gewalt / Sexualverhalten; Vergewaltigung, Sexueller Missbrauch, Sexuelle Nötigung; Kind / Sexueller Missbrauch; Pornographie; Prostitution; Zuhälterei; Abweichendes Sexualverhalten |0 (DE-627)1271675048 |0 (DE-625)rvk/136521: |0 (DE-576)201675048 |
| 936 | r | v | |a DG 5000 |b Sexualerziehung |k Pädagogik |k Spezialfragen der Erziehung |k Sexualerziehung |0 (DE-627)1270769472 |0 (DE-625)rvk/19557: |0 (DE-576)200769472 |
| 936 | r | v | |a MS 2880 |b Sexuierte Praktiken (Prostitution, Pornographie, auch abweichendes Sexualverhalten, etc.) |k Soziologie |k Spezielle Soziologien |k Soziologische Geschlechterforschung (Gender Studies) |k Sexuierte Praktiken (Prostitution, Pornographie, auch abweichendes Sexualverhalten, etc.) |0 (DE-627)1271304899 |0 (DE-625)rvk/123649: |0 (DE-576)201304899 |
| 936 | r | v | |a CR 6000 |b Sexualität, geschlechtsspezifische Differenzen |k Psychologie |k Differentielle Psychologie (Persönlichkeitspsychologie) |k Sexualität, geschlechtsspezifische Differenzen |0 (DE-627)1271443783 |0 (DE-625)rvk/19034: |0 (DE-576)201443783 |
| 936 | r | v | |a PH 8800 |b Allgemeines |k Rechtswissenschaft |k Strafrecht, Strafverfahrensrecht, Kriminologie |k Kriminologie |k Einzelne Deliktsgruppen |k Sexualkriminalität |k Allgemeines |0 (DE-627)127223794X |0 (DE-625)rvk/136520: |0 (DE-576)20223794X |
| 936 | r | v | |a CP 3500 |b Zusammenfassendes und allgemeine Darstellungen |k Psychologie |k Allgemeine Psychologie |k Konflikt, Angst, Aggression, Frustration, Stress |k Zusammenfassendes und allgemeine Darstellungen |0 (DE-627)1429797266 |0 (DE-625)rvk/18979: |0 (DE-576)359797261 |
| 936 | s | n | |a c200 |2 mzub |
| 936 | s | n | |a d100 |2 mzub |
| 936 | s | n | |a m200 |2 mzub |
| 936 | s | n | |a p100 |2 mzub |
| 951 | |a BO | ||
| ELC | |b 1 | ||
| LOK | |0 000 xxxxxcx a22 zn 4500 | ||
| LOK | |0 001 3213279609 | ||
| LOK | |0 003 DE-627 | ||
| LOK | |0 004 216392632 | ||
| LOK | |0 005 20250702104040 | ||
| LOK | |0 008 140929||||||||||||||||ger||||||| | ||
| LOK | |0 040 |a DE-21-110 |c DE-627 |d DE-21-110 | ||
| LOK | |0 689 |a s |a Sexualität | ||
| LOK | |0 689 |a s |a Aggression | ||
| LOK | |0 852 |a DE-21-110 | ||
| LOK | |0 852 1 |c E VII 23 |m p |9 00 | ||
| LOK | |0 935 |a k110 | ||
| LOK | |0 938 |k p | ||
| LOK | |0 939 |a 29-09-14 |b l01 | ||
| ORI | |a SA-MARC-krimdoka001.raw | ||
| SIG | |a IFK: E VII 23 | ||
